| 000 | 00463nam a2200169 a 4500 | ||
|---|---|---|---|
| 001 | 2374 | ||
| 003 | CDMR | ||
| 005 | 20131002125947.0 | ||
| 008 | 130130s1980||||||||||||||||||||||||||||d | ||
| 020 | _a8470178385 | ||
| 040 |
_aCDMR _bcat _cCDMR |
||
| 100 | 1 |
_aPérez Calderon, Miguel _91602 |
|
| 245 | 1 | 3 |
_aLa televisión, de cerca _cMiguel Pérez Calderón |
| 260 |
_aBarcelona _c1980 _bArgos Vergara |
||
| 490 | 0 | _aLibros de bolsillo (Argos Vergara) | |
| 942 |
_cMON _2udc |
||
| 999 |
_c2374 _d2374 |
||